Beobachtungen aus dem Kommunalen Monitoring: Befunde zur Herbstbefragung '22

Saved in:  
Bibliographic Details
Authors: Eberspach, Kirsten (Author) ; Bitschnau, Sarah (Author) ; Kemmesies, Uwe 1964- (Author)
Format: Print Article
Language:German
Published: 2022
In: MOTRA-Monitor
Year: 2022, Pages: 136-151
Check availability: HBZ Gateway
Parallel Edition:Electronic

MARC

LEADER 00000naa a2200000 c 4500
001 1941303900
003 DE-627
005 20251114135702.0
007 tu
008 251114s2022 xx ||||| 00| ||ger c
035 |a (DE-627)1941303900 
035 |a (DE-599)KXP1941303900 
040 |a DE-627  |b ger  |c DE-627  |e rda 
041 |a ger 
084 |a 2,1  |2 ssgn 
100 1 |a Eberspach, Kirsten  |e VerfasserIn  |0 (DE-588)1333979193  |0 (DE-627)189215501X  |4 aut 
109 |a Eberspach, Kirsten 
245 1 0 |a Beobachtungen aus dem Kommunalen Monitoring  |b Befunde zur Herbstbefragung '22  |c Kirsten Eberspach, Sarah Bitschnau, Uwe Kemmesies 
264 1 |c 2022 
300 |b Diagramme 
336 |a Text  |b txt  |2 rdacontent 
337 |a ohne Hilfsmittel zu benutzen  |b n  |2 rdamedia 
338 |a Band  |b nc  |2 rdacarrier 
500 |a Literaturverzeichnis: Seite 150 
700 1 |a Bitschnau, Sarah  |e VerfasserIn  |0 (DE-588)1329788257  |0 (DE-627)1889036587  |4 aut 
700 1 |a Kemmesies, Uwe  |d 1964-  |e VerfasserIn  |0 (DE-588)1066981639  |0 (DE-627)818112573  |0 (DE-576)426311086  |4 aut 
773 0 8 |i Enthalten in  |a MOTRA (Projekt)  |t MOTRA-Monitor  |d Wiesbaden : [MOTRA Bundeskriminalamt - Forschungsstelle Terrorismus/Extremismus], 2021  |g (2022), Seite 136-151  |h Bände  |w (DE-627)1782083618  |w (DE-600)3103891-8  |7 nnas 
773 1 8 |g year:2022  |g pages:136-151 
776 0 8 |i Erscheint auch als  |n Online-Ausgabe  |a Eberspach, Kirsten  |t Beobachtungen aus dem Kommunalen Monitoring  |d 2023  |w (DE-627)1883923816  |k Electronic 
951 |a AR 
ELC |b 1 
LOK |0 000 xxxxxcx a22 zn 4500 
LOK |0 001 4806144649 
LOK |0 003 DE-627 
LOK |0 004 1941303900 
LOK |0 005 20251114135539 
LOK |0 008 251114||||||||||||||||ger||||||| 
LOK |0 040   |a DE-2619  |c DE-627  |d DE-2619 
LOK |0 092   |o n 
LOK |0 852   |a DE-2619 
LOK |0 852 1  |9 00 
LOK |0 939   |a 14-11-25  |b l01 
ORI |a SA-MARC-krimdoka001.raw